Základná umelecká škola Košice
Na minha lista:
| Autor principal: | |
|---|---|
| Outros Autores: | |
| Formato: | Manuscrito Livro |
| Idioma: | eslovaco |
| Publicado em: |
2023
|
| Assuntos: | |
| Acesso em linha: | http://is.stuba.sk/zp/portal_zp.pl?podrobnosti=171319 https://opac.crzp.sk/?fn=detailBiblioForm&sid=C0DEB8E07572332BA8220F15805F |
| Tags: |
Sem tags, seja o primeiro a adicionar uma tag!
|
MARC
| LEADER | 00000ntm a22000003a 4500 | ||
|---|---|---|---|
| 001 | stuzp93934 | ||
| 003 | SK-STU | ||
| 005 | 20230920104608.3 | ||
| 007 | ta | ||
| 008 | 150427s2015----xo-----f-mn---000-0-slo-d | ||
| 040 | |a STU |b slo | ||
| 041 | 0 | |a slo | |
| 100 | 1 | |a Múdra, Natália |u 010310 |4 aut |U SvF Stavebná fakulta |T SvF Katedra architektúry |X 93097 |U V181|V310 |Y 19 |7 93097 | |
| 242 | 0 | 1 | |a Art School Košice |y eng |
| 245 | 1 | 0 | |a Základná umelecká škola Košice |
| 260 | |c 2023 | ||
| 650 | 4 | |a Košice |2 slo | |
| 650 | 4 | |a odbor |2 slo | |
| 650 | 4 | |a základná umelecká škola |2 slo | |
| 650 | 4 | |a ZUŠ |2 slo | |
| 650 | 4 | |a ZUŠ |2 eng | |
| 650 | 4 | |a Primary Art School |2 eng | |
| 650 | 4 | |a Košice |2 eng | |
| 650 | 4 | |a section |2 eng | |
| 700 | 1 | |a Šimkovičová, Vladimíra |u 010310 |k Z8 |4 ths |U SvF Stavebná fakulta |T SvF Katedra architektúry |X 649 |U V181|V310 |Y 19 |7 A000000649 | |
| 856 | 4 | |u http://is.stuba.sk/zp/portal_zp.pl?podrobnosti=171319 | |
| 856 | 4 | |u https://opac.crzp.sk/?fn=detailBiblioForm&sid=C0DEB8E07572332BA8220F15805F | |